Spotrebiteľ v prostredí Európskej únie dizertačná práca

Saved in:
Bibliographic Details
Main Author: Mráziková, Martina
Corporate Author: Obchodná fakulta EU. Katedra marketingu
Other Authors: Dzurová, Mária
Format: Book
Language:Slovak
Published: Bratislava 2009
Subjects:
Tags: Add Tag
No Tags, Be the first to tag this record!

MARC

LEADER 00000nam$a2200000$$$4500
001 0110519
005 20221207101329.3
041 0 |a slo 
044 |a SK 
245 1 0 |a Spotrebiteľ v prostredí Európskej únie  |b dizertačná práca  |c Martina Mráziková ; škol. Mária Dzurová 
264 1 |a Bratislava  |c 2009 
300 |a 178 s. 
610 2 0 |a spotrebitelia 
610 2 0 |a ochrana spotrebiteľa 
610 2 0 |a politika spotrebiteľská 
610 2 0 |a vzdelávanie 
610 2 0 |a organizácie spotrebiteľské 
610 2 0 |a Európska únia 
100 1 |a Mráziková, Martina 
700 1 |a Dzurová, Mária 
710 2 |a Obchodná fakulta EU. Katedra marketingu